'O' Food Pictures Quiz Stats

 Plays Quiz Updated Apr 14, 2016

Also try: 'K' Food Pictures
Challenge
Share
Tweet
Score 0/12 Timer 04:00
23 Plays Today
% Correct
Orange
99.7%
Oreos
98.9%
Olives
98.7%
Onion Rings
97.3%
Oyster
94.1%
Omelet
91.5%
Oatmeal
90.9%
Octopus
88.6%
Okra
72.3%
Oregano
55.1%
Orzo
40.6%
Oxtail Soup
20.3%

You're not logged in!

Compare scores with friends on all Sporcle quizzes.
OR
Log In

You Might Also Like...

Show Comments

Extras

Top Quizzes Today


Score Distribution

Your Account Isn't Verified!

In order to create a playlist on Sporcle, you need to verify the email address you used during registration. Go to your Sporcle Settings to finish the process.

Report this User

Report this user for behavior that violates our Community Guidelines.

Details: